| 000 | 00648nam a2200193 a 4500 | ||
|---|---|---|---|
| 001 | BRCA_7047 | ||
| 005 | 20190320205706.0 | ||
| 008 | 011211s2011----mx-a######---#000-0#spa-# | ||
| 020 | _a9786074162332 | ||
| 041 | _aspa | ||
| 050 | 4 | _bA43 2011 | |
| 100 | 1 |
_aAlcántara García, Jocelyn _917514 |
|
| 245 | 1 | 0 |
_aInvestigaciones documentales y científicas en conservación de papel _cJocelyn Alcántara García. |
| 260 |
_aMéxico _bApoyo al Desarrollo de Archivos y Bibliotecas de México _c2011 |
||
| 300 |
_a45 p. _bil. a color _c25 cm. |
||
| 504 | _aIncluye referencias bibliográficas | ||
| 650 | 1 | 4 |
_aPapel _xConservación _917515 |
| 942 |
_2lcc _cB |
||
| 999 |
_c6728 _d6728 |
||